000 00599nam a2200229Ia 4500
003 OSt
005 20220918183929.0
006 a|||||r|||| 00| 0
007 ta
008 220917b |||||||| |||| 00| 0 eng d
024 _a42,518
037 _cTextual
040 _aARTS
_cARTS
_beng
041 _2eng
_aeng
082 _aO152v2:N5, 111K6
100 _aDwivedi Ram Awadh
_952532
245 0 _aCritical survey of Hindi literature
260 _c1966
650 _aENGLISH LITERATURE
942 _hO152v2:N5, 111K6
_cTEXL
_2CC
999 _c174349
_d174349